000 00595nam a2200241Ia 4500
003 OSt
005 20221005120535.0
006 a|||||r|||| 00| 0
007 ta
008 221004b |||||||| |||| 00| 0 tam d
024 _a49208
037 _cTextual
040 _aCRL
_cCRL
_btam
041 _2tam
_atam
082 _aO31,2N12,2, K6
100 _aVaradarajan
_9629315
245 0 _aEllorum vazhaventum
260 _c1966
300 _a108
_ccm.
650 _aTAMIL DRAMA
_9192671
942 _hO31,2N12,2, K6
_cTEXL
_2cc
999 _c1038382
_d1038382